000 01021nam a22003257a 4500
001 BR8203494
003 BR-BrBNA
005 20230928091336.0
007 ta
008 230509b bl.||||| |||| 00| 0 por d
040 _aBR-BrBNA
_bpor
_cBiblioteca Nacional de Agricultura
041 _a(Por)
072 _aE30
_b/G514
090 _ E30 BR8203494
110 1 _aMinisterio da Agricultura, Brasilia, DF (Brasil). Secretaria de Controle Operacional
_96825
245 1 _aRelatorio de acompanhamento dos Programas Especiais de Desenvolvimento Regional, exercicio 1981/1982 - 4. trimestre [Brasil]
260 3 _aBrasilia, DF (Brasil):
_c1982.
300 _a42 p.
500 _a10 tables
650 _aPROJETO DE DESENVOLVIMENTO
650 _aDESENVOLVIMENTO AGRICOLA
650 _aDESENVOLVIMENTO ECONOMICO
650 _aPESQUISA
650 _aASSISTENCIA TECNICA
650 _aABASTECIMENTO
650 _aREFORMA AGRARIA
650 _aCOLONIZACAO
909 _a202309
_bLucia
_c55
_dLucia Elande
942 _cBK
999 _c33459
_d33459